| 000 | 00660nam a22002057a 4500 | ||
|---|---|---|---|
| 003 | 0 | ||
| 005 | 20240125093804.0 | ||
| 008 | 240125b xxu||||| |||| 00| 0 eng d | ||
| 020 | _a978-1-5297-7591-4 | ||
| 050 |
_aRT 42 _b.L56 2022 |
||
| 100 | _aLinsley, Paul | ||
| 245 |
_aEvidence - based practice for nurses and allied health professionals _cPaul Linsley |
||
| 250 | _a5th edition | ||
| 260 |
_aLos Angeles _bSage Publications Ltd. |
||
| 300 |
_axiii, 250 pages ; _c25 cm. |
||
| 504 | _aIncludes bibliographical references, glossary, and index. | ||
| 650 | _aEvidenced-based nursing. | ||
| 650 | _aEvidenced-based medicine. | ||
| 942 |
_2lcc _cBK |
||
| 999 |
_c365893 _d365893 |
||